[Event "Mittelrhein Regionalliga 1314"]
[Site "Mittelrhein"]
[Date "2013.11.24"]
[Round "4.4"]
[White "Strocka, Bjoern"]
[Black "Kloss, Henning"]
[Result "1/2-1/2"]
[WhiteElo "2021"]
[BlackElo "2121"]
[PlyCount "65"]
[EventDate "2013.09.15"]
[EventType "team-tourn"]
[EventRounds "11"]
[EventCountry "GER"]
[SourceTitle "EXT 2023"]
[Source "ChessBase"]
[SourceDate "2022.10.05"]
[SourceVersion "1"]
[SourceVersionDate "2022.10.05"]
[SourceQuality "1"]
[WhiteTeam "Gruenfeld"]
[BlackTeam "Koeln Lasker"]
[WhiteTeamCountry "GER"]
[BlackTeamCountry "GER"]

1. d4 Nf6 2. c4 e6 3. g3 d5 4. Bg2 dxc4 5. Nf3 Bb4+ 6. Bd2 a5 7. 0-0 0-0 8. Bg5 h6 9. Bxf6 Qxf6 10. a3 Bd6 11. Nc3 Nc6 12. e3 e5 13. d5 Na7 14. Nd2 b5 15. a4 Bd7 16. axb5 Nxb5 17. Nce4 Qe7 18. Nxc4 Bb4 19. Ned2 Nd6 20. Nxd6 cxd6 21. Qe2 Rab8 22. Rfc1 Bb5 23. Qd1 Rfc8 24. Bh3 Rxc1 25. Rxc1 Qb7 26. Ne4 Qa6 27. Qh5 Be2 28. Bg4 Bxg4 29. Qxg4 Qd3 30. Rc8+ Rxc8 31. Qxc8+ Kh7 32. Qf5+ Kh8 33. Qc8+ 1/2-1/2

[Event "Regionalliga Mittelrhein 1213"]
[Site "Germany"]
[Date "2013.03.03"]
[Round "8.5"]
[White "Roski, Ferdinand"]
[Black "Strocka, Bjoern"]
[Result "1-0"]
[WhiteElo "2176"]
[BlackElo "2034"]
[PlyCount "57"]
[EventDate "2012.09.09"]
[EventType "team"]
[EventRounds "11"]
[EventCountry "GER"]
[SourceTitle "EXT 2015"]
[Source "ChessBase"]
[SourceDate "2014.11.20"]
[SourceVersion "1"]
[SourceVersionDate "2014.11.20"]
[SourceQuality "1"]
[WhiteTeam "Godesberg II"]
[BlackTeam "Gruenfeld"]
[WhiteTeamCountry "GER"]
[BlackTeamCountry "GER"]

1. Nf3 Nf6 2. g3 g6 3. d4 Bg7 4. Bg2 0-0 5. 0-0 d6 6. c4 Nc6 7. Nc3 Rb8 8. e4 a6 9. h3 b5 10. d5 Na5 11. cxb5 axb5 12. b4 Nc4 13. Nd4 Bd7 14. Qd3 c5 15. bxc5 dxc5 16. Ndxb5 Ne5 17. Qe2 Qa5 18. a4 c4 19. Be3 Nd3 20. Bd4 e5 21. Be3 Rfd8 22. Rfb1 Bf8 23. Bg5 Bg7 24. Qf3 Bxb5 25. Nxb5 Nd7 26. Bxd8 Rxd8 27. Nd6 Rf8 28. Nxc4 Qc3 29. Ra3 1-0

[Event "Regionalliga Mittelrhein 1213"]
[Site "Germany"]
[Date "2012.11.11"]
[Round "4.2"]
[White "Strocka, Bjoern"]
[Black "Keller, Karsten"]
[Result "1-0"]
[WhiteElo "2034"]
[BlackElo "2134"]
[PlyCount "109"]
[EventDate "2012.09.09"]
[EventType "team"]
[EventRounds "11"]
[EventCountry "GER"]
[SourceTitle "EXT 2015"]
[Source "ChessBase"]
[SourceDate "2014.11.20"]
[SourceVersion "1"]
[SourceVersionDate "2014.11.20"]
[SourceQuality "1"]
[WhiteTeam "Gruenfeld"]
[BlackTeam "Langenfeld II"]
[WhiteTeamCountry "GER"]
[BlackTeamCountry "GER"]

1. d4 Nf6 2. c4 e6 3. g3 c5 4. d5 exd5 5. cxd5 d6 6. Nc3 g6 7. Nf3 Bg7 8. Bg2 0-0 9. 0-0 Nbd7 10. a4 a6 11. Nd2 Re8 12. h3 Nh5 13. Nc4 Ne5 14. Na3 f5 15. Kh2 f4 16. gxf4 Qh4 17. e3 Bg4 18. f3 Qg3+ 19. Kg1 Bxh3 20. Qc2 Nd3 21. Ne4 Qxg2+ 22. Qxg2 Bxg2 23. Kxg2 Nxc1 24. Raxc1 Bxb2 25. Nc4 Bxc1 26. Rxc1 Rad8 27. Ncxd6 Re7 28. Rb1 c4 29. f5 Red7 30. fxg6 hxg6 31. Nxc4 Rxd5 32. Rxb7 a5 33. f4 R8d7 34. Rb6 Kf7 35. Ne5+ Rxe5 36. fxe5 Rd3 37. Rb7+ Kf8 38. Kf3 Ng7 39. Rb5 Nf5 40. Kf4 Nxe3 41. Rxa5 Nc4 42. Ra8+ Kg7 43. e6 Rd4 44. e7 g5+ 45. Kxg5 Rxe4 46. e8Q Rxe8 47. Rxe8 Kf7 48. Re2 Na5 49. Kf4 Nc6 50. Re4 Kf6 51. Ke3 Kf5 52. Re8 Kf6 53. Kd3 Ne7 54. Kc4 Kf7 55. Rd8 1-0

[Event "Mittelrhein Verbandsliga-M 1112"]
[Site "Germany"]
[Date "2012.01.15"]
[Round "5.7"]
[White "Agne, Sascha"]
[Black "Strocka, Bjoern"]
[Result "0-1"]
[WhiteElo "1714"]
[BlackElo "2020"]
[PlyCount "56"]
[EventDate "2011.09.18"]
[EventType "team-tourn"]
[EventRounds "11"]
[EventCountry "GER"]
[SourceTitle "EXT 2013"]
[Source "ChessBase"]
[SourceDate "2012.11.22"]
[SourceVersion "1"]
[SourceVersionDate "2012.11.22"]
[SourceQuality "1"]
[WhiteTeam "Godesberg V"]
[BlackTeam "Bayer Leverkusen"]
[WhiteTeamCountry "GER"]
[BlackTeamCountry "GER"]

1. c4 g6 2. Nc3 Bg7 3. g3 e5 4. Bg2 Nc6 5. e4 d6 6. Nge2 f5 7. d3 Nf6 8. 0-0 0-0 9. Rb1 Rb8 10. b4 a6 11. a4 Be6 12. Nd5 Ne7 13. b5 axb5 14. axb5 h6 15. Ba3 Nd7 16. Nec3 Nc5 17. Bxc5 dxc5 18. b6 c6 19. Nc7 Bf7 20. exf5 gxf5 21. g4 Qd4 22. Na4 e4 23. dxe4 Bxc4 24. gxf5 Bxf1 25. Kxf1 Qc4+ 26. Kg1 Rbd8 27. Qg4 Nxf5 28. exf5 Qxg4 0-1

[Event "Mittelrhein Verbandsliga-M 1112"]
[Site "Germany"]
[Date "2011.10.09"]
[Round "2.8"]
[White "Hoffmann, Daniela"]
[Black "Strocka, Bjoern"]
[Result "0-1"]
[WhiteElo "1723"]
[BlackElo "2020"]
[PlyCount "80"]
[EventDate "2011.09.18"]
[EventType "team-tourn"]
[EventRounds "11"]
[EventCountry "GER"]
[SourceTitle "EXT 2013"]
[Source "ChessBase"]
[SourceDate "2012.11.22"]
[SourceVersion "1"]
[SourceVersionDate "2012.11.22"]
[SourceQuality "1"]
[WhiteTeam "Langenfeld III"]
[BlackTeam "Bayer Leverkusen"]
[WhiteTeamCountry "GER"]
[BlackTeamCountry "GER"]

1. e4 e5 2. Nc3 Nf6 3. Bc4 Nxe4 4. Bxf7+ Kxf7 5. Nxe4 Nc6 6. Qf3+ Ke8 7. d3 Be7 8. Bd2 d5 9. Nc3 Be6 10. 0-0-0 Qd7 11. Qg3 Bf6 12. f4 d4 13. Ne4 Qd5 14. b3 Rg8 15. Nf3 Be7 16. fxe5 Nb4 17. Kb2 a5 18. Bxb4 Bxb4 19. Nfg5 Bf5 20. Rhf1 Bg6 21. a3 Be7 22. Qg4 Ra6 23. Qc8+ Bd8 24. e6 Ke7 25. Nf7 Rc6 26. Ne5 Rxe6 27. Nxg6+ hxg6 28. Rde1 b6 29. Ng5 Rxe1 30. Rxe1+ Kf6 31. Qe6+ Qxe6 32. Nxe6 Re8 33. Nxd8 Rxe1 34. Nc6 Re2 35. Nxd4 Rxg2 36. Nf3 Rf2 37. Nd4 Rxh2 38. Nc6 g5 39. Nd4 Rf2 40. Nc6 g4 0-1